000 00357nam a22001457a 4500
003 SGT
020 _a978-93-81238-09-7
082 _a615
_bI15M
100 _a M.H.& F.W. GOVT. INDIA
245 _aINDIAN PHARMACOPOEIA-2014 ADDENDUM 2015
260 _aGHAZIABAD
_bINDIAN PHARMACOPOEIA
_c2015
300 _a4098
650 _aPHARMACOPOEIA
942 _2ddc
_cBK
999 _c10075
_d10075